Instalaciones eléctricas para la vivienda
| Main Author: | |
|---|---|
| Format: | Section = Libro |
| Language: | Undetermined Spanish |
| Published: |
Madrid, España
Paraninfo
2009
|
| Edition: | 8a.ed. |
| Subjects: |
| LEADER | 00706nam a2200241Ia 4500 | ||
|---|---|---|---|
| 008 | 240829s9999 xx 000 0 und d | ||
| 020 | |a 978-84-283-2892-0 | ||
| 040 | |a BIBLIOTECA-RUSB/ 621.31924 R744 | ||
| 041 | |a spa | ||
| 082 | |a 621.31924 R744 | ||
| 100 | 1 | |a Roldáan Viloria, José | |
| 245 | 1 | 0 | |a Instalaciones eléctricas para la vivienda |
| 250 | |a 8a.ed. | ||
| 260 | |a Madrid, España |b Paraninfo |c 2009 | ||
| 300 | |a 215 p. :il. | ||
| 650 | 7 | |a INSTALACIONES ELECTRICAS | |
| 650 | 7 | |b VIVIENDAS-ABASTECIMIENTO DE ENERGIA ELECTRICA | |
| 650 | 7 | |c ALUMBRADO ELECTRICO-SISTEMAS | |
| 650 | 7 | |d APARATOS ELECTRICOS | |
| 650 | 7 | |e MOTORES MONOFASICOS | |
| 942 | |c BK |2 ddc | ||
| 991 | |a TEXTO | ||
| 999 | |c 3204 | ||